Italien "vocabolario" - Statistiques

Statistiques générales
  • Ce quiz a été pris 20 fois
  • Le résultat moyen est 16 sur 30
Statistiques - réponses
Français Italiano % Correct
Pâtes Pasta
100%
Viande Carne
89%
Chat Gatto
89%
Poire Pera
89%
Chien Cane
83%
Pomme Mela
83%
Parler Parlare
83%
Poisson Pesce
78%
Regarder Guardare
67%
Intelligent Intelligente
67%
Joyeux Allegro
61%
Courir Correre
56%
Se laver Lavarsi
56%
Écharpe Sciarpa
56%
Bottes Stivali
56%
Oiseau Uccello
56%
Chaussettes Calze
50%
Manteau Cappotto
50%
Nettoyer Pulire
50%
Tee-shirt Maglietta
44%
Traduire Tradurre
39%
Pastèque Anguria
33%
Lapin Coniglio
33%
Cerf Cervo
22%
Lacets Lacci
22%
Humble Umile
22%
Citrouille Zucca
17%
Hautain Arrogante
11%
Espiègle Malizioso
11%
Estomper Sfumare
11%
Aucun quiz correspondant
Distribution des résultats
% des personnes avec chaque résultat
Percentile par nombre de réponses
Votre historique - résultats
Vous n’avez pas pris ce quiz